| 000 | 01167nam a2200289Ia 4500 | ||
|---|---|---|---|
| 001 | ebr10704269 | ||
| 003 | CaPaEBR | ||
| 006 | m o u | ||
| 007 | cr cn||||||||| | ||
| 008 | 121226s2013 nyua sb 001 0 eng d | ||
| 020 | _z9781624178924 | ||
| 020 | _z9781624178931 | ||
| 040 |
_aCaPaEBR _cCaPaEBR |
||
| 035 | _a(OCoLC)847839505 | ||
| 050 | 1 | 4 |
_aRG629.N48 _bN49 2013eb |
| 245 | 0 | 0 |
_aNeural tube defects _h[electronic resource] : _bprevalence, pathogenesis and prevention / _cAlberich Klein, editor. |
| 260 |
_aHauppauge, NY : _bNova Science Publishers, Inc., _cc2013. |
||
| 300 |
_axiii, 154 p. : _bill. |
||
| 504 | _aIncludes bibliographical references and index. | ||
| 533 |
_aElectronic reproduction. _bPalo Alto, Calif. : _cebrary, _d2013. _nAvailable via World Wide Web. _nAccess may be limited to ebrary affiliated libraries. |
||
| 650 | 0 |
_aNeural tube _xAbnormalities. |
|
| 650 | 0 |
_aInfants (Newborn) _xDiseases. |
|
| 655 | 7 |
_aElectronic books. _2local |
|
| 700 | 1 | _aKlein, Alberich. | |
| 710 | 2 | _aebrary, Inc. | |
| 856 | 4 | 0 |
_uhttp://site.ebrary.com/lib/rucke/Doc?id=10704269 _zAn electronic book accessible through the World Wide Web; click to view |
| 999 |
_c5118 _d5118 |
||